|
|
|
|
| LEADER |
01541nam a22003854a 4500 |
| 001 |
40485 |
| 003 |
BD-DhAAL |
| 008 |
230302t2006 ii af b 000 1 eng d |
| 010 |
|
|
|a 2006448182
|
| 020 |
|
|
|z 8176211768
|
| 025 |
|
|
|a I-E-2006-448182; 25
|
| 037 |
|
|
|b Library of Congress -- New Delhi Overseas Office
|c Rs295.00
|
| 040 |
|
|
|a DLC
|c DLC
|d DLC
|d BD-DhAAL
|
| 041 |
1 |
|
|a eng
|h spa
|
| 042 |
|
|
|a lcode
|
| 043 |
|
|
|a a-ii---
|
| 050 |
0 |
0 |
|a PQ6663.O7277
|b P3713 2006
|
| 082 |
|
|
|a 823.92
|2 23
|
| 100 |
1 |
|
|a Moro, Javier,
|d 1955-
|9 53771
|
| 245 |
1 |
0 |
|a Passion India :
|b the story of the Spanish princess of Kapurthala /
|c Javier Moro ; translated by Peter J. Hearn.
|
| 250 |
|
|
|a First paperback Indian edition
|
| 260 |
|
|
|a New Delhi :
|b Full Circle Publishing,
|c c2006.
|
| 300 |
|
|
|a xiii, 448 pages, [16] p. of plates :
|b illustrations ;
|c 21 cm.
|
| 500 |
|
|
|a Novel.
|
| 504 |
|
|
|a Includes bibliographical references (p. 446-448).
|
| 541 |
|
|
|a Donated By Akbar Ali Khan
|e 40485
|
| 600 |
1 |
0 |
|a Delgado, Anita
|v Fiction.
|9 53772
|
| 650 |
|
|
|a English fiction.
|
| 651 |
|
0 |
|a Kapūrthala (India : District)
|v Fiction.
|9 53773
|
| 651 |
|
0 |
|a India
|x History
|y British occupation, 1765-1947
|v Fiction.
|9 50656
|
| 700 |
1 |
|
|a Hearn, Peter J.
|9 53774
|
| 852 |
|
|
|a Ayesha Abed Library
|c Akbar Ali Khan Collection
|
| 942 |
|
|
|2 ddc
|c BK
|
| 999 |
|
|
|c 45553
|d 45553
|
| 952 |
|
|
|0 0
|1 0
|2 ddc
|4 0
|6 823_920000000000000_MOR
|7 1
|9 73325
|a BRACUL
|b BRACUL
|c AAKC
|d 2023-03-02
|e Donated By Akbar Ali Khan
|g 378.00
|l 0
|o 823.92 MOR
|p 3010040485
|r 2023-03-02
|t 1
|w 2023-03-02
|y BK
|x Rs 295.00
|